000
00309nam a2200121Ia 4500
008
240624s9999 xx 000 0 und d
041
_a
eng
082
_a
332.024 EDE
100
_a
EDELMAN RIC
245
_a
TRUTH ABOUT YOUR FUTURE THE MONEY GUIDE
260
_c
2017
_a
New York
_b
Simon & Schuster
365
_c
RS
999
_c
30257
_d
30257